Welcome to the Holygrace Academy Library

Please use search bar below to get started

VISWASAHITHYATHILE THIRANJEDUTHA BALAKADHAKAL (Record no. 1309)

MARC details
000 -LEADER
fixed length control field 00333nam a22001337a 4500
082 ## - DEWEY DECIMAL CLASSIFICATION NUMBER
Classification number 894.812.3
Item number NAI/V
100 ## - MAIN ENTRY--AUTHOR NAME
Personal name NAIR,RAJIV
245 ## - TITLE STATEMENT
Title VISWASAHITHYATHILE THIRANJEDUTHA BALAKADHAKAL
250 ## - EDITION STATEMENT
Edition statement FIRST
260 ## - PUBLICATION, DISTRIBUTION, ETC. (IMPRINT)
Place of publication KOTTAYAM
Name of publisher AVANTY PUBLICATIONS
Year of publication 2006
300 ## - PHYSICAL DESCRIPTION
Number of Pages 64
650 ## - SUBJECT ADDED ENTRY--TOPICAL TERM
Topical Term SHORT STORY MALAYALAM
Geographic subdivision KERALA
942 ## - ADDED ENTRY ELEMENTS (KOHA)
Koha item type Books
Holdings
Withdrawn status Lost status Collection code Home library Current library Shelving location Date acquired Source of acquisition Cost, normal purchase price Full call number Accession Number Koha item type
    Fiction Main Library Main Library SHELF-6C MALAYALAM SHORT STORIES 15/05/2009 PURCHASE 20.00 894.812.3 NAI/V 04083 Books